Order, chaos, order : the transition from classical to quantum physics
Αποθηκεύτηκε σε:
| Κύριος συγγραφέας: | |
|---|---|
| Μορφή: | Βιβλίο |
| Γλώσσα: | English |
| Δημοσίευση: |
New York :
Oxford University Press,
1994
|
| Θέματα: | |
| Ετικέτες: |
Προσθήκη ετικέτας
Δεν υπάρχουν, Καταχωρήστε ετικέτα πρώτοι!
|
MARC
| LEADER | 00000nam a2200000 i 4500 | ||
|---|---|---|---|
| 001 | 1/74218 | ||
| 008 | 990520s1994 eng d | ||
| 020 | |a 0-19-508473-X | ||
| 035 | |l 10049008 | ||
| 040 | |a GR-MY-UA |b gre |e aacr | ||
| 041 | 0 | |a eng | |
| 082 | 0 | |a 530.1209 | |
| 100 | 1 | |a Stehle, Philip. | |
| 245 | 1 | 0 | |a Order, chaos, order : |b the transition from classical to quantum physics / |c Philip Stehle |
| 260 | |a New York : |b Oxford University Press, |c 1994 | ||
| 300 | |a xiv, 322 p.; |b ill.; |c 25 cm. | ||
| 500 | |a Includes bibliographical references and index | ||
| 650 | 0 | 0 | |a Physics |x History. |
| 650 | 0 | 0 | |a Quantum theory |x Congresses. |
| 852 | |a INST |b SAMOS |e 19990520 |h 530.1209 STE |p 005300012718 |q 005300012718 |t BK |y 0 | ||
| 901 | |a BIBL3-1999-2 | ||
| 909 | |a Σ |b 063950 | ||
| 922 | |a 3ΕΛΗ |b 199901 |c ΚΠΣ |d GLORY | ||
| 950 | |a 116-1998-08-10 | ||